00499nam a2200085Ia 4500008004100000245002500041300026600066650002800332856005300360170517s9999 xx 000 0 und d 4aThe Chicago Sessions aWidely known philosopher and University of Chicago Law School professor Martha Nussbaum explores the ethical implications of the financial crisis during three sessions with a group of ten talented law and philosophy students. The grounds of the University of... xBusiness and Economics. uhttp://topdocumentaryfilms.com/chicago-sessions/